000 00413nam a22001697a 4500
005 20160701150309.0
008 160701b xxu||||| |||| 00| 0 eng d
020 _a978-93-5014-151-9
041 _aeng
082 _b18738
100 _aGautam, A K
_93358
245 _aMicrowave & Radar Engineering
260 _bS.K. Kataria & Sons
_c2012
300 _a467
650 _aDiploma Engineering
_9817
942 _cBK
999 _c5105
_d5103